000 00472nam a22001817a 4500
003 OSt
008 230109b ||||| |||| 00| 0 eng d
020 _a97881315333512
082 _a658.3 MOO
100 _aGRIFFIN, Ricky W
245 _aOrganizational Behavior: Managing People and Organizations
250 _a11th Ed
260 _aNew Delhi
_bCengage
_c2019
300 _a598
650 _aOrganizational Behavior
700 _aMOORHEAD,Gregory
942 _2ddc
_cREF
999 _c11676
_d11676